000
00198 a2200097 4500
001
4284
100
_a
Huskey,H.D
245
_a
Computer hand book
260
_a
_b
Mcgrawhill
_c
090
_c
3501
_d
3501
942
_a
NUST-CAE
_c
M
_c
27792
999
_c
239357
_d
239357